Smallest Incorporated Towns in Every State Quiz - Statistics

General Stats
  • This quiz has been taken 28 times
  • The average score is 3 of 50
Answer Stats
State Population Answer % Correct
Nebraska 1 Monowi
67%
Oregon 0 Greenhorn
19%
Washington 48 Krupp
19%
Pennsylvania 10 Centralia
15%
Wyoming 4 Lost Springs
15%
New Mexico 38 Grenville
11%
Alabama 10 McMullen
11%
Oklahoma 2 Shady Grove/Lotsee
11%
Arizona 353 Winkelman
11%
Nevada 1,130 Caliente
7%
Missouri 0 Florida/Goss/Lakeside
7%
Kansas 5 Freeport
7%
Iowa 15 Le Roy/Beaconsfield
7%
Idaho 3 Warm River
7%
Alaska 12 Bettles
4%
Rhode Island 19,376 Central Falls
4%
North Carolina 13 Dellview
4%
Colorado 8 Lakeside
4%
Arkansas 5 Magnet Cove
4%
Hawaii 29 Manele
4%
Maryland 13 Port Tobacco Village
4%
Ohio 36 Rendville
4%
Indiana 22 River Forest
4%
North Dakota 4 Ruso
4%
South Carolina 45 Smyrna
4%
New Jersey 5 Tavistock
4%
Minnesota 5 Tenney/Funkley
4%
South Dakota 3 White Rock/Hillsview
4%
Wisconsin 61 Big Falls
0%
Virginia 70 Clinchport
0%
New York 11 Dering Harbor
0%
Maine 1,331 Eastport
0%
Georgia 24 Edge Hill
0%
Connecticut 43 Fenwick
0%
New Hampshire 8,477 Franklin
0%
Delaware 74 Hartly
0%
Montana 19 Ismay
0%
Florida 10 Lake Buena Vista
0%
Texas 19 Los Ybanez
0%
Louisiana 19 Mound
0%
Vermont 118 Newfane
0%
Massachusetts 12,140 Palmer Town
0%
Mississippi 55 Satartia
0%
Tennessee 81 Saulsbury
0%
Utah 24 Scofield
0%
Kentucky 7 South Park View
0%
West Virginia 5 Thurmond
0%
Michigan 114 Turner
0%
Illinois 13 Valley City
0%
California 112 Vernon
0%
No matching quizzes found
Score Distribution
Percent of People with Each Score
Percentile by Number Answered
Your Score History
You have not taken this quiz